HORATIANA /

Uloženo v:
Podrobná bibliografie
Korporativní autor: Viceprovincia Aequatoriana Societatis Iesu
Médium: Kniha
Témata:
Tagy: Přidat tag
Žádné tagy, Buďte první, kdo vytvoří štítek k tomuto záznamu!

MARC

LEADER 00000nam^a2200000^a^4500
001 000233562
005 20250521000000.0
009 20260310104650.597
035 |a 056896 
037 |a Acervo Xavier Clavigero 
082 |a 870. 092  |b HOR 
245 1 0 |a HORATIANA /  |c VICEPROVINCIA AEQUATORIANA SOCIETATIS IESU 
264 |a ECUADOR, QUITO :  |b ECUATORIANA,  |c 1936 
300 |a 195 p. 
336 |a texto  |b txt  |2 rdacontenido 
337 |a sin mediación  |b n  |2 rdamedio 
338 |a volumen  |b nc  |2 rdasoporte 
649 |a XX 
650 |a Horacio Flaco, Quinto 
650 |a Poesía Latina 
650 |a Literatura Latina 
710 |a Viceprovincia Aequatoriana Societatis Iesu 
910 |a Fondo General 
920 |a Impresos - Libros 
930 |a Colección General 
940 |a Literatura 
905 |a 101 
901 |a 056896  |b IT1  |c LIT  |i 056896  |u 20250521 
902 |a https://opac.biblio.iteso.mx/vufind/Record/000233562